Statistics for US states with the highest percentage of African-American polpulation

Click here to take the quiz!

General Stats

  • This quiz has been taken 43 times
  • The average score is 14 of 15

Answer Stats

%State% Correct
29.80%Alabama
100%
33.13%Louisiana
100%
23.50%North Carolina
100%
27.09%South Carolina
100%
33.03%Georgia
97%
37.94%Mississippi
97%
16.89%New York
97%
17.10%Arkansas
94%
17.11%Florida
94%
19.80%Tennessee
94%
21.60%Virginia
94%
16.19%Illinois
91%
32.01%Maryland
85%
15.76%Michigan
85%
22.11%Delaware
79%

Score Distribution

Percentile by Number Answered

Percent of People with Each Score

Your Score History

You have not taken this quiz